000
00314nam a2200145Ia 4500
100
_a
Resnick/R
942
_c
BK
654
_a
Physics
245
_a
Introduction of Special Relativity
260
_b
Wiley Eastern Pvt. Ltd
_c
1989
082
_a
530.11
_b
RES
300
_a
226
546
_a
ENGLISH
999
_c
29885
_d
29885